| 000 | 00000nam##2200000za#4500 |
| 001 | 9.625575 |
| 003 | CaOODSP |
| 005 | 20200421163407 |
| 007 | ta |
| 008 | 150406|2000||||xxc||||| f|0| 0 fre|d |
| 020 | |a0-662-85597-3 |
| 040 | |aCaOODSP|bfre |
| 043 | |an-cn--- |
| 086 | 1 |aNH18-23/74F |
| 110 | 2 |aSociété canadienne d'hypothèques et de logement. |
| 245 | 10|aDéveloppement de collectivités durables: élaboration du rôle du gouvernement fédéral pour le 21e siècle |
| 260 | |aOttawa - Ontario : |bSociété canadienne d'hypothèques et de logement |c2000. |
| 300 | |a7p. ; |c28 cm. |
| 490 | 1 |aLe point en recherche. Série socio-économique |v74 |
| 563 | |aDépliant |
| 590 | |a01-09|b2001-03-02 |
| 691 | 07|aDéveloppement communautaire|2gcpds |
| 691 | 07|aCommunauté urbaine|2gcpds |
| 775 | 08|tImplementing sustainable community development : |w(CaOODSP)9.615511 |
| 776 | 0#|tDéveloppement de collectivités durables : |w(CaOODSP)9.602180 |
| 830 | #0|aLe point en recherche. Série socio-économique ;|v74|w(CaOODSP)9.513180 |
| 986 | |aLNH 2267 |